Digital photogrammetry (Record no. 2072)

MARC details
000 -LEADER
fixed length control field 00410nam a2200169Ia 4500
008 - FIXED-LENGTH DATA ELEMENTS--GENERAL INFORMATION
fixed length control field 130318s9999 xx 000 0 und d
020 ## - INTERNATIONAL STANDARD BOOK NUMBER
International Standard Book Number 748409459
082 ## - DEWEY DECIMAL CLASSIFICATION NUMBER
Classification number 526.982 KAS/D;4
100 ## - MAIN ENTRY--PERSONAL NAME
Personal name Kasser, Michel
245 ## - TITLE STATEMENT
Title Digital photogrammetry
260 ## - PUBLICATION, DISTRIBUTION, ETC.
Name of publisher, distributor, etc. Taylor and Francis
Place of publication, distribution, etc. London
Date of publication, distribution, etc. 2002
300 ## - PHYSICAL DESCRIPTION
Extent 351
650 ## - SUBJECT ADDED ENTRY--TOPICAL TERM
Topical term or geographic name entry element GPS
650 ## - SUBJECT ADDED ENTRY--TOPICAL TERM
Topical term or geographic name entry element PHOTOGRAMMETRY
650 ## - SUBJECT ADDED ENTRY--TOPICAL TERM
Topical term or geographic name entry element RADAR IMAGE
700 ## - ADDED ENTRY--PERSONAL NAME
Personal name Egels, Yves
Holdings
Withdrawn status Lost status Damaged status Not for loan Collection code Home library Current library Shelving location Date acquired Cost, normal purchase price Total Checkouts Full call number Barcode Date last seen Price effective from Koha item type
        Photogrammetry Kerala University of Digital Sciences, Innovation and Technology Knowledge Centre Kerala University of Digital Sciences, Innovation and Technology Knowledge Centre Photogrammetry 18/03/2013 796.00   526.982 KAS/D;4 2089 18/03/2013 18/03/2013 Books